[Event "GRE-chT Online Rapid op 1st"]
[Site "Tornelo INT"]
[Date "2021.02.21"]
[Round "7.17"]
[White "Tsalamagkakis, Ilias"]
[Black "Florakis, Konstantinos"]
[Result "1/2-1/2"]
[WhiteElo "1794"]
[BlackElo "1698"]
[PlyCount "105"]
[EventDate "2021.02.20"]
[EventType "team-swiss (rapid)"]
[EventRounds "9"]
[EventCountry "GRE"]
[SourceTitle "EXT 2023"]
[Source "ChessBase"]
[SourceDate "2022.10.05"]
[SourceVersion "1"]
[SourceVersionDate "2022.10.05"]
[SourceQuality "1"]

1. d4 Nf6 2. c4 g6 3. Nc3 d5 4. cxd5 Nxd5 5. e4 Nxc3 6. bxc3 Bg7 7. Nf3 0-0 8. Rb1 c5 9. Be2 Nc6 10. d5 Bxc3+ 11. Bd2 Bxd2+ 12. Qxd2 Nd4 13. Nxd4 cxd4 14. Qxd4 Qa5+ 15. Qd2 Qxd2+ 16. Kxd2 e6 17. d6 e5 18. Ke3 Rb8 19. Bc4 Bd7 20. Bd5 b5 21. Rbc1 Rfc8 22. Rc7 Rxc7 23. dxc7 Re8 24. Rc1 a6 25. Bc6 Bxc6 26. Rxc6 Rc8 27. Kd3 Kf8 28. Kc3 Ke7 29. Kb4 Kd7 30. Rxa6 Rxc7 31. Kxb5 Rc2 32. Ra7+ Ke6 33. a4 Rxf2 34. a5 Rxg2 35. Rc7 Rxh2 36. Rc6+ Ke7 37. a6 Rb2+ 38. Kc5 Ra2 39. Kb6 f5 40. Rc7+ Kf6 41. Rxh7 f4 42. a7 Kg5 43. Re7 Kf6 44. Re8 g5 45. a8Q Rxa8 46. Rxa8 Kg6 47. Rf8 g4 48. Kc5 g3 49. Kd5 Kg7 50. Rf5 Kg6 51. Rf8 Kg7 52. Rf5 Kg6 53. Rf8 1/2-1/2

[Event "GRE-chT Online Rapid op 1st"]
[Site "Tornelo INT"]
[Date "2021.02.20"]
[Round "4.12"]
[White "Florakis, Konstantinos"]
[Black "Sidiropoulos, Vasilis"]
[Result "1-0"]
[WhiteElo "1698"]
[BlackElo "1680"]
[PlyCount "109"]
[EventDate "2021.02.20"]
[EventType "team-swiss (rapid)"]
[EventRounds "9"]
[EventCountry "GRE"]
[SourceTitle "EXT 2023"]
[Source "ChessBase"]
[SourceDate "2022.10.05"]
[SourceVersion "1"]
[SourceVersionDate "2022.10.05"]
[SourceQuality "1"]

1. e4 c5 2. Nf3 Nc6 3. d4 cxd4 4. Nxd4 e5 5. Nb5 d6 6. c4 Be7 7. N1c3 a6 8. Na3 Be6 9. Be3 Nf6 10. f3 0-0 11. Be2 Rc8 12. Qd2 Nh5 13. 0-0 f5 14. Nc2 f4 15. Bf2 Nd4 16. Nxd4 exd4 17. Nd5 Bxd5 18. cxd5 Bf6 19. Bxd4 Rc2 20. Bxf6 Rxd2 21. Bxd8 Rxd8 22. Kf2 Nf6 23. Rfc1 Nd7 24. b4 Ne5 25. Ke1 Rb2 26. a3 Kf7 27. Rc3 h5 28. Rac1 Ra2 29. Kf2 Kf6 30. R1c2 Rxc2 31. Rxc2 Rd7 32. g3 Kg5 33. h4+ Kf6 34. gxf4 Ng6 35. Kg3 Rf7 36. f5 Ne5 37. f4 Nd7 38. Bxh5 Re7 39. Rc7 Nb6 40. Rxe7 Kxe7 41. Bf3 Kf6 42. Kf2 Nc4 43. Be2 Nb6 44. Ke3 Na4 45. Kd4 Nb6 46. Bd3 Nd7 47. a4 Nb6 48. a5 Nd7 49. Bc2 Ke7 50. e5 Nb8 51. Ba4 Nd7 52. Bxd7 Kxd7 53. f6 gxf6 54. e6+ Ke7 55. Ke4 1-0

[Event "GRE-ch Online Rapid op 1st"]
[Site "Tornelo INT"]
[Date "2021.02.06"]
[Round "4"]
[White "Gkavardinas, Christos Konstantin"]
[Black "Florakis, Konstantinos"]
[Result "1-0"]
[WhiteElo "1155"]
[BlackElo "1688"]
[PlyCount "49"]
[EventDate "2021.02.06"]
[EventType "swiss (rapid)"]
[EventRounds "8"]
[EventCountry "GRE"]
[SourceTitle "EXT 2023"]
[Source "ChessBase"]
[SourceDate "2022.10.05"]
[SourceVersion "1"]
[SourceVersionDate "2022.10.05"]
[SourceQuality "1"]

1. d4 Nf6 2. c4 g6 3. Nc3 d5 4. cxd5 Nxd5 5. e4 Nxc3 6. bxc3 Bg7 7. Bc4 c5 8. Ne2 0-0 9. 0-0 Nc6 10. Be3 Bg4 11. f3 Na5 12. Bxf7+ Rxf7 13. fxg4 Rxf1+ 14. Qxf1 cxd4 15. Bxd4 e5 16. Bc5 b6 17. Bb4 Bh6 18. Rd1 Qh4 19. Rd7 Be3+ 20. Kh1 Bf2 21. Qd1 Bd4 22. cxd4 Rc8 23. dxe5 Qg5 24. Qd5+ Kh8 25. Bc3 1-0

[Event "Fysiolatriko op 10th"]
[Site "Renti"]
[Date "2012.06.15"]
[Round "2.9"]
[White "Florakis, Konstantinos"]
[Black "Makka, Evanthia"]
[Result "0-1"]
[WhiteElo "1669"]
[BlackElo "2079"]
[PlyCount "30"]
[EventDate "2012.06.14"]
[EventType "swiss"]
[EventRounds "8"]
[EventCountry "GRE"]
[SourceTitle "EXT 2024"]
[Source "ChessBase"]
[SourceDate "2023.10.10"]
[SourceVersion "1"]
[SourceVersionDate "2023.10.10"]
[SourceQuality "1"]

1. d4 d5 2. c4 c6 3. Nc3 dxc4 4. a4 e5 5. Nf3 exd4 6. Nxd4 Nd7 7. e4 Ne5 8. Be3 Nf6 9. h3 Bb4 10. f4 Nxe4 11. Qc2 Nd3+ 12. Bxd3 cxd3 13. Qxd3 Ng3 14. 0-0-0 Nxh1 15. Qc4 Be7 0-1